Správa audítora pri audite výrobných podnikov diplomová práca

Enregistré dans:
Détails bibliographiques
Auteur principal: Böhmanová, Romana
Collectivité auteur: Fakulta hospodárskej informatiky EU. Katedra účtovníctva a audítorstva
Autres auteurs: Juhászová, Zuzana, 1970-
Format: Livre
Langue:slovaque
Publié: Bratislava 2023
Tags: Ajouter un tag
Pas de tags, Soyez le premier à ajouter un tag!

MARC

LEADER 00000nbm a2200000 4500
001 0294021
005 20240209093133.6
041 0 |a slo 
044 |a SK 
245 1 0 |a Správa audítora pri audite výrobných podnikov  |b diplomová práca  |c Romana Böhmann ; školiteľ: Zuzana Juhászová 
264 1 |a Bratislava  |c 2023 
300 |a 59 s. 
100 1 |a Böhmanová, Romana 
700 1 |a Juhászová, Zuzana, 1970- 
710 2 |a Fakulta hospodárskej informatiky EU. Katedra účtovníctva a audítorstva